Matematika 1 zbierka úloh

Uložené v:
Podrobná bibliografia
Hlavný autor: Sekerová, Viera
Korporativný autor: Vysoká škola ekonomická v Bratislave. Fakulta riadenia
Médium: Kniha
Jazyk:Slovak
Vydavateľské údaje: Bratislava VŠE 1990
Tagy: Pridať tag
Žiadne tagy, Buďte prvý, kto otaguje tento záznam!

MARC

LEADER 00000nam a2200000 4500
001 c028477
005 20260325073925.0
041 0 |a slo 
044 |a SK 
245 1 0 |a Matematika 1  |b zbierka úloh  |c Viera Sekerová a kol. 
264 1 |a Bratislava  |b VŠE  |c 1990 
300 |a 292 s. 
100 1 |a Sekerová, Viera 
710 2 |a Vysoká škola ekonomická v Bratislave. Fakulta riadenia